000
00278nam a2200109 4500
008
160702b xxu||||| |||| 00| 0 eng d
100
_9
1832
_a
Parashar, P, N
245
_a
Spoken English
260
_a
New Delhi
_b
Common Wealth
_c
2005
300
_a
Spoken English
942
_2
ddc
_c
BK
999
_c
1536
_d
1536